00616nam a22001937a 450000500170000000800410001702000180005804000210007604100080009708200180010510000320012324501160015525000120027126000330028330000100031665000360032670000300036270000300039220260515115047.0250225b |||||||| |||| 00| 0 eng d a9789358490794 aIN-DiNCcIN-DiNC dasm a301.0954bBHU aBhuyan, Dilip Kumareauthor aBharatar samajtattwa - dwittiya khanda (Major 5)/cby Dilip Kumar Bhuyan, Prashanta Phukan and Ayushree Dowarah a1st ed. aDibrugarh:bBanalata,c2025. a255p. aSociology of India-II (Major 5) aPhukan, Prashantaeauthor aDowarah, Ayushreeeauthor